000 00581nam a2200205Ia 4500
005 20250508160748.0
008 008 250505s9999 xx 000 0 eng d
020 _a08-012918-8
037 _aTextual
040 _aFEDL
_beng
_cFEDL
041 _aeng
_2eng
084 _a370.193, PAR
_qFEDL
100 _aPartridge P. H.
245 0 _aSociety, schools and progress in Australia
260 _aOxford
_bPergamon Press Ltd
_c1968
300 _azvii,245p
650 _aEducation - Sociology
_9757833
942 _cTEXL
_h370.193, PAR
999 _c1366472
_d1366472